00953nam a22002657a 45000010005000000030006000050050017000110080041000280200018000690400029000870500014001160820008001301000021001382450063001592500036002222600043002583000045003015050007003465200205003535210019005585210018005776500037005956500024006327000031006564829FISKH20241017104114.0241017b cb ||||| |||| 00| 0 eng d a9780613664813 aFISKHbengcFISKHdFISKH aPZ7.P1755 a514 aPalatini, Margie aBedhead / cby Margie Palatini illustrated by Jack E.Davis aFirst Paperback edition in 2003 aNew York :bAladdin Paperbacks,c2003. a34 pages :bColor illustrations ;c29 cm aN  aAfter many unsuccessful attempts to control his unruly hair one morning, Oliver and his family think that they have solved the problem--until he gets to school and finds that it is school picture day.8 a530L bLexile 8 aN bRaz-Plus  2Sentence fragmentsaAlliteration 2FamilyaPicture day aE.Davis, JackdIllustrator